[Event "AUTO-OPEN-4411"]
[Site "http://www.queenalice.com/game.php?id=1802591"]
[Date "2022.12.25"]
[Round "1"]
[White "Kapablanca"]
[Black "FredBaraer"]
[Result "0-1"]
[WhiteElo "2097"]
[BlackElo "1713"]

1. e4 e5 2. Nf3 Nc6 3. Bb5 a6 4. Ba4 f5 5. Bxc6 dxc6 6. Nxe5 Qd4 7. Nf3 Qxe4+ 8.
Qe2 Qxe2+ 9. Kxe2 Bd6 10. Re1 Ne7 11. Kf1 O-O 12. d4 Bd7 13. c4 Ng6 14. b3 Bb4
15. Nbd2 Rfe8 16. Bb2 Be7 17. Rad1 Bf6 18. Ba1 Rad8 19. g3 f4 20. Ne4 Be7 21.
Neg5 fxg3 22. hxg3 Bg4 23. Kg2 Bxg5 24. Nxg5 Bxd1 25. Rxd1 Re2 26. a4 Rf8 27.
Nf3 Ne7 28. Bc3 g5 29. Re1 g4 0-1

[Event "AUTO-OPEN-4411"]
[Site "http://www.queenalice.com/game.php?id=1802615"]
[Date "2022.12.25"]
[Round "1"]
[White "grotegeest"]
[Black "FredBaraer"]
[Result "1/2-1/2"]
[WhiteElo "2854"]
[BlackElo "2135"]

1. e4 e5 2. f4 d5 3. exd5 exf4 4. Nf3 Nf6 5. Bb5+ c6 6. dxc6 Nxc6 7. Nc3 Be6 8.
Qe2 Bd6 9. Nd4 O-O 10. Nxe6 fxe6 11. Bxc6 bxc6 12. b3 Nd5 13. Bb2 Qh4+ 14. g3
Qh3 15. O-O-O Nxc3 16. Bxc3 f3 17. Qe3 Qf5 18. Rhf1 f2 19. Qd4 Ba3+ 20. Kb1 Rf7
21. Qa4 Bd6 22. Qxc6 Rd8 23. Qc4 Qh3 24. Qe4 Bc7 25. d3 h5 26. Bd4 Rxd4 27. Qxd4
Qxh2 28. Qxa7 Qxg3 29. Qa8+ Kh7 30. Qe8 Qf3 31. d4 Rf6 32. a4 h4 33. Qd7 Bg3 34.
Qb5 Qd5 35. Qe2 Kh6 36. Rd3 Qa5 37. Qg4 g5 38. Re3 Qf5 39. Qe2 Qd5 40. Rc3 Qf5
41. Re3 Qd5 42. a5 Qxa5 43. Rxe6 Qe1+ 44. Rxe1 fxe1=Q+ 45. Qxe1 Bxe1 46. Rxf6+
Kh5 47. d5 Bc3 48. Rf3 Be5 49. c4 Kg4 50. Rf1 h3 51. c5 h2 52. d6 1/2-1/2

[Event "AUTO-OPEN-4411"]
[Site "http://www.queenalice.com/game.php?id=1802616"]
[Date "2022.12.25"]
[Round "1"]
[White "FredBaraer"]
[Black "grotegeest"]
[Result "1/2-1/2"]
[WhiteElo "2135"]
[BlackElo "2854"]

1. b4 Nf6 2. Bb2 g6 3. Nf3 Bg7 4. e3 O-O 5. c4 d6 6. d4 c5 7. a3 cxd4 8. Nxd4 b6
9. Be2 Bb7 10. O-O Nbd7 11. Nd2 a6 12. Bf3 Qc7 13. Rc1 Rfc8 14. h3 Qb8 15. Re1
e5 16. Bxb7 Qxb7 17. Ne2 b5 18. cxb5 Rxc1 19. Qxc1 axb5 20. Nc3 Nd5 21. Nxd5
Qxd5 22. e4 Qb7 23. Nb1 Nb6 24. Nc3 Rc8 25. Qd1 Nc4 26. Qc2 f5 27. f3 Bh6 28.
exf5 Bd2 29. Rb1 Be3+ 30. Kh1 Bd4 31. Bc1 Bxc3 32. Qxc3 gxf5 33. a4 bxa4 34. Qc2
e4 35. Bh6 d5 36. fxe4 Qb6 37. Bf4 fxe4 38. Qxa4 Qe6 39. Re1 Rf8 40. Qb3 Qg6 41.
Qd1 Qf5 42. Bg3 e3 43. b5 Qe4 44. Kh2 d4 45. Qb3 d3 46. Rc1 d2 47. Rxc4 d1=Q 48.
Qxd1 Qxc4 49. Qd7 Qe4 50. b6 e2 51. b7 e1=Q 52. Bxe1 Qxe1 53. Qd5+ Kh8 54. Qd4+
Kg8 55. Qd5+ Kh8 1/2-1/2

[Event "AUTO-OPEN-4411"]
[Site "http://www.queenalice.com/game.php?id=1802631"]
[Date "2022.12.25"]
[Round "1"]
[White "FredBaraer"]
[Black "alvm"]
[Result "1-0"]
[WhiteElo "1909"]
[BlackElo "2110"]

1. e4 c6 2. d4 d5 3. f3 dxe4 4. fxe4 e5 5. Nf3 exd4 6. Bc4 Bb4+ 7. c3 Bc5 8.
cxd4 Bb4+ 9. Nc3 Nf6 10. Bxf7+ Kxf7 11. Qb3+ Be6 12. Ng5+ Kg6 13. Nxe6 Bxc3+ 14.
bxc3 Qe7 15. Nf4+ 1-0

[Event "AUTO-OPEN-4411"]
[Site "http://www.queenalice.com/game.php?id=1802632"]
[Date "2022.12.25"]
[Round "1"]
[White "alvm"]
[Black "FredBaraer"]
[Result "0-1"]
[WhiteElo "2104"]
[BlackElo "2024"]

1. d4 d5 2. c4 e6 3. Nc3 Nf6 4. Bg5 Be7 5. Nf3 O-O 6. e3 h6 7. Bxf6 Bxf6 8. Rc1
c6 9. Be2 dxc4 10. Bxc4 Nd7 11. O-O e5 12. d5 Nb6 13. Bb3 e4 14. Nxe4 Bxb2 15.
Rc2 cxd5 16. Rxb2 dxe4 17. Ne5 Bf5 18. Rd2 Qe7 19. Nc4 Nxc4 20. Bxc4 Rad8 21.
Qc2 Rxd2 22. Qxd2 Rd8 23. Qb2 b6 24. h3 Qg5 25. Qe5 Bc8 26. Qxe4 Bxh3 27. Qf3
Bf5 28. e4 Bg6 29. Re1 b5 30. Bb3 a5 31. a4 b4 32. e5 Qf5 33. Qc6 Kh7 34. Qc7
Rd2 35. Rf1 Qd3 36. Bxf7 Bxf7 37. Qxf7 b3 38. e6 b2 39. e7 Qxf1+ 40. Kh2 Rxf2
41. Qd5 b1=Q 42. e8=Q Qh1+ 43. Kg3 Rxg2+ 44. Qxg2 Qd3+ 45. Kf4 Qh4+ 46. Ke5 Qf6#
0-1

[Event "Challenge"]
[Site "http://www.queenalice.com/game.php?id=1802658"]
[Date "2022.12.26"]
[Round "-"]
[White "LuizFerreira"]
[Black "FredBaraer"]
[Result "0-1"]
[WhiteElo "1416"]
[BlackElo "1500"]

1. Nf3 Nf6 2. b3 g6 3. g3 Bg7 4. Bb2 c5 5. Ba3 Ne4 6. c3 b6 7. Bg2 Bb7 8. Nh4 d5
9. Bb2 O-O 10. f3 Nf6 11. f4 Nbd7 12. c4 e6 13. a4 Qc7 14. cxd5 exd5 15. Be5
Nxe5 16. fxe5 Qxe5 17. Nc3 d4 18. Nb5 Bxg2 19. Nxg2 Ng4 20. Qc2 d3 21. Qd1 dxe2
22. Nc3 exd1=Q+ 23. Kxd1 Rad8 24. Re1 Rxd2+ 25. Kxd2 Rd8+ 26. Kc2 Qxc3+ 27. Kb1
Qb2# 0-1

[Event "AUTO-INT-3793"]
[Site "http://www.queenalice.com/game.php?id=1803484"]
[Date "2023.1.7"]
[Round "1"]
[White "Rocio"]
[Black "FredBaraer"]
[Result "0-1"]
[WhiteElo "1422"]
[BlackElo "1995"]

1. e4 e5 2. Nf3 Nc6 3. Bc4 Nf6 4. Nc3 Nxe4 5. Nxe4 d5 6. Bb5 dxe4 7. Nxe5 Qg5 8.
d4 Qxg2 9. Rf1 Bd6 10. Nc4 O-O 11. Ne3 Qxh2 12. Nd5 Bh3 13. Qh5 Nxd4 14. Kd1
Nxb5 15. Bd2 Bxf1 16. c3 Qxh5+ 17. Ke1 Qe2# 0-1

[Event "AUTO-INT-3793"]
[Site "http://www.queenalice.com/game.php?id=1803485"]
[Date "2023.1.7"]
[Round "1"]
[White "FredBaraer"]
[Black "Rocio"]
[Result "1-0"]
[WhiteElo "1658"]
[BlackElo "1422"]

1. e4 e5 2. f4 exf4 3. Bc4 Nh6 4. Nf3 f6 5. d4 Bb4+ 6. c3 Ba5 7. Bxf4 Ng4 8. O-O
d6 9. h3 Nh6 10. Bxh6 gxh6 11. Nh4 f5 12. Qh5+ Kd7 13. Qxf5+ Kc6 14. Qb5# 1-0

[Event "AUTO-INT-3793"]
[Site "http://www.queenalice.com/game.php?id=1803496"]
[Date "2023.1.7"]
[Round "1"]
[White "luiz_gustavo"]
[Black "FredBaraer"]
[Result "0-1"]
[WhiteElo "1728"]
[BlackElo "1995"]

1. e4 e5 2. Nf3 Nc6 3. Bb5 a6 4. Ba4 f5 5. d3 fxe4 6. dxe4 Nf6 7. Nc3 Bb4 8. Bd2
d6 9. O-O O-O 10. Bxc6 bxc6 11. Re1 Bg4 12. h3 Bh5 13. Bg5 Qe8 14. Bxf6 Rxf6 15.
Re3 d5 16. Ne2 Bc5 17. Rc3 Bxf2+ 18. Kh1 dxe4 19. Ng5 Qg6 20. h4 Bxh4 21. Nh3
Raf8 22. Qd2 Rf1+ 23. Rxf1 Rxf1+ 24. Neg1 Be1 25. Qd8+ Rf8 0-1

[Event "AUTO-INT-3793"]
[Site "http://www.queenalice.com/game.php?id=1803497"]
[Date "2023.1.7"]
[Round "1"]
[White "FredBaraer"]
[Black "luiz_gustavo"]
[Result "1-0"]
[WhiteElo "2010"]
[BlackElo "1752"]

1. e4 e5 2. f4 d6 3. Bc4 a6 4. Nf3 f6 5. fxe5 dxe5 6. c3 Bc5 7. d4 exd4 8. cxd4
Bb6 9. Nc3 Bg4 10. Be3 Nc6 11. Nd5 Ba5+ 12. Kf2 Bb6 13. h3 Bxf3 14. gxf3 Qd6 15.
Nxb6 cxb6 16. Qg1 g5 17. h4 h6 18. hxg5 h5 19. Rd1 O-O-O 20. g6 b5 21. Bf7 Nce7
22. e5 fxe5 23. dxe5 Qxe5 24. Rxd8+ Kxd8 25. Qd1+ Qd5 26. Bxd5 Ke8 27. Bf7+ Kf8
28. Bc5 1-0

[Event "AUTO-INT-3793"]
[Site "http://www.queenalice.com/game.php?id=1803502"]
[Date "2023.1.7"]
[Round "1"]
[White "dosoldini"]
[Black "FredBaraer"]
[Result "0-1"]
[WhiteElo "1485"]
[BlackElo "1909"]

1. e4 e5 2. Nf3 Nc6 3. c3 f5 4. exf5 e4 5. Qe2 d5 6. d3 Bxf5 7. Bg5 Be7 8. Bxe7
exf3 9. Bxd8+ fxe2 10. Bxe2 Nxd8 11. h3 Nf6 12. Nd2 Ne6 13. g3 O-O-O 14. Rc1
Rhe8 15. b4 Bxd3 16. Bxd3 Nf4+ 0-1

[Event "AUTO-INT-3793"]
[Site "http://www.queenalice.com/game.php?id=1803503"]
[Date "2023.1.7"]
[Round "1"]
[White "FredBaraer"]
[Black "dosoldini"]
[Result "1-0"]
[WhiteElo "1909"]
[BlackElo "1485"]

1. e4 e5 2. f4 Qh4+ 3. g3 Qf6 4. fxe5 Qxe5 5. Bg2 Nf6 6. d4 Qe6 7. Qe2 d5 8.
exd5 Qxe2+ 9. Nxe2 Bd6 10. O-O O-O 11. c4 c5 12. dxc6 bxc6 13. Nbc3 Bf5 14. Rxf5
Nbd7 15. Bxc6 Rad8 16. Bg5 Be7 17. Nd5 1-0

[Event "Rock'n'Roll "]
[Site "http://www.queenalice.com/game.php?id=1804835"]
[Date "2023.1.26"]
[Round "-"]
[White "bobifixer"]
[Black "FredBaraer"]
[Result "0-1"]
[WhiteElo "2094"]
[BlackElo "2105"]

1. Nf3 d5 2. d4 e6 3. g3 c5 4. c3 Nc6 5. Bg2 Nf6 6. O-O Be7 7. Bg5 Qb6 8. b3 O-O
9. e3 h6 10. Bxf6 Bxf6 11. Nbd2 Bd7 12. Rc1 Rac8 13. Re1 Rfd8 14. h4 e5 15. dxe5
Bxe5 16. Nxe5 Nxe5 17. Nf3 Bg4 18. Qe2 Qf6 19. Red1 Nxf3+ 20. Kh1 Ne5 21. f3
Bxf3 22. Bxf3 Qxf3+ 23. Qxf3 Nxf3 24. Kg2 Ne5 25. Kf2 Ng4+ 26. Kf3 h5 27. Kf4
Rd6 28. Kf3 Re8 29. Rd3 Ne5+ 30. Ke2 Nxd3 31. Kxd3 d4 32. exd4 cxd4 33. cxd4
Red8 34. Rc4 b5 35. Rb4 a5 36. Rxb5 Rxd4+ 37. Ke3 R4d5 38. Rb7 Re8+ 39. Kf3 Rf5+
40. Kg2 Re2+ 41. Kh3 Rff2 42. Rb8+ Kh7 43. g4 Rf3# 0-1

[Event "Challenge"]
[Site "http://www.queenalice.com/game.php?id=1806006"]
[Date "2023.2.12"]
[Round "-"]
[White "FredBaraer"]
[Black "Luckyluke"]
[Result "1-0"]
[WhiteElo "2067"]
[BlackElo "2113"]

1. e4 e5 2. f4 Bc5 3. Nf3 d6 4. c3 Nf6 5. fxe5 dxe5 6. d4 exd4 7. cxd4 Bb4+ 8.
Bd2 Bxd2+ 9. Nbxd2 O-O 10. Bd3 Nc6 11. Qa4 Nd7 12. d5 Nce5 13. Bc2 b5 14. Qxb5
Rb8 15. Qa5 Rxb2 16. Rc1 c6 17. Qxa7 cxd5 18. O-O dxe4 19. Bxe4 Nf6 20. Nxe5
Qxd2 21. a4 1-0

[Event "AUTO-INT-3793"]
[Site "http://www.queenalice.com/game.php?id=1823997"]
[Date "2023.10.27"]
[Round "2"]
[White "Givanildo"]
[Black "FredBaraer"]
[Result "0-1"]
[WhiteElo "1585"]
[BlackElo "2135"]

1. d4 d5 2. Bf4 Nf6 3. e3 e6 4. Bb5+ Bd7 5. a4 c5 6. Bxd7+ Nbxd7 7. c3 Be7 8.
Ne2 O-O 9. O-O Qb6 10. b4 cxb4 11. cxb4 Bxb4 12. Nbc3 a6 13. Rb1 Rfc8 14. Qb3
Rc4 15. a5 Bxa5 16. Qxb6 Nxb6 17. Be5 Nfd7 18. Bg3 Bxc3 19. Nxc3 Rxc3 20. Bd6
Rac8 21. h3 R3c6 22. Bg3 f6 23. f3 e5 24. dxe5 fxe5 25. f4 e4 26. f5 a5 27. h4
a4 28. h5 a3 29. h6 gxh6 30. Bf4 a2 31. Ra1 Rc2 32. Bxh6 Nc5 33. f6 Kf7 34. g4
Nb3 35. Rad1 Rc1 36. g5 Rxd1 37. Rxd1 Rc1 38. Rxc1 Nxc1 39. Kg2 a1=Q 40. Kg3 Nd3
41. Kg4 Qg1+ 42. Kh4 Qh2+ 43. Kg4 Kg6 44. f7 Nf2# 0-1

[Event "AUTO-INT-3793"]
[Site "http://www.queenalice.com/game.php?id=1823998"]
[Date "2023.10.27"]
[Round "2"]
[White "FredBaraer"]
[Black "Givanildo"]
[Result "1-0"]
[WhiteElo "2135"]
[BlackElo "1594"]

1. d4 d5 2. e3 Bf5 3. Bd3 Qd7 4. Nf3 Nc6 5. O-O O-O-O 6. Bb5 a6 7. Ne5 Qd6 8.
Bxc6 bxc6 9. Qe2 Nh6 10. Qxa6+ Kb8 11. Nxc6+ Qxc6 12. Qxc6 Bd7 13. Qxd5 e6 14.
Qb3+ Kc8 15. c4 Bc6 16. a4 Kd7 17. a5 Be7 18. d5 exd5 19. cxd5 Ba8 20. Qb5+ c6
21. dxc6+ Bxc6 22. Rd1+ Bd6 23. Qc4 Rhe8 24. Nc3 Nf5 25. e4 Nh4 26. Bf4 Re6 27.
e5 Nxg2 28. Rxd6+ Rxd6 29. Qxf7+ Kc8 30. exd6 Rd7 31. Qe8+ Kb7 32. a6+ Ka7 33.
Be5 Nh4 34. Bd4# 1-0

[Event "AUTO-INT-3793"]
[Site "http://www.queenalice.com/game.php?id=1823999"]
[Date "2023.10.27"]
[Round "2"]
[White "eloy"]
[Black "FredBaraer"]
[Result "0-1"]
[WhiteElo "1641"]
[BlackElo "2135"]

1. e4 e5 2. Nf3 Nc6 3. Bc4 g6 4. d3 Bg7 5. Ng5 Nh6 6. Nc3 Na5 7. Nf3 Nxc4 8.
dxc4 d6 9. h3 O-O 10. Bxh6 Bxh6 11. a4 c6 12. b4 Be6 13. c5 dxc5 14. bxc5 Qa5
15. Qd3 Rad8 16. O-O Rxd3 17. Ne2 Rxf3 18. gxf3 Bxh3 19. Rfd1 Qxc5 20. c3 f5 21.
Kh2 Qxf2+ 22. Kxh3 fxe4 23. Ng3 Rxf3 24. Rg1 Bf4 25. Raf1 Rxg3+ 0-1

[Event "AUTO-INT-3793"]
[Site "http://www.queenalice.com/game.php?id=1824000"]
[Date "2023.10.27"]
[Round "2"]
[White "FredBaraer"]
[Black "eloy"]
[Result "1-0"]
[WhiteElo "2135"]
[BlackElo "1595"]

1. d4 d5 2. e3 Nf6 3. Bd3 Bg4 4. Ne2 Nc6 5. f3 Be6 6. O-O g6 7. c3 Bg7 8. e4
dxe4 9. fxe4 Bg4 10. Qe1 O-O 11. Be3 a6 12. Nd2 b5 13. Qg3 e5 14. d5 Ne7 15. h3
Bxe2 16. Bxe2 c6 17. Qh4 cxd5 18. Rxf6 dxe4 19. Rff1 Nf5 20. Qf2 Nxe3 21. Qxe3
Rc8 22. Nxe4 Rb8 23. Rad1 Qh4 24. Nc5 Rbc8 25. Nxa6 Bh6 26. Qf2 Qxf2+ 27. Kxf2
b4 28. Nxb4 Bf4 29. Nd5 Bg5 30. b4 Ra8 31. Bc4 Rac8 32. Bb3 Bh4+ 33. g3 Bg5 34.
h4 Bd8 35. Rfe1 f6 36. Ne7+ Kg7 37. Nxc8 Bc7 38. Rd7+ 1-0

[Event "AUTO-OPEN-4411"]
[Site "http://www.queenalice.com/game.php?id=1827626"]
[Date "2023.12.20"]
[Round "2"]
[White "FredBaraer"]
[Black "Dogeval"]
[Result "1/2-1/2"]
[WhiteElo "2135"]
[BlackElo "2785"]

1. e4 c5 2. f4 e6 3. Nf3 d5 4. Bb5+ Nd7 5. exd5 exd5 6. Qe2+ Be7 7. O-O a6 8.
Bxd7+ Bxd7 9. Re1 Be6 10. f5 Bxf5 11. Qe5 Qd7 12. Qxg7 O-O-O 13. Ne5 Bf6 14.
Qxf7 Bxe5 15. Qxd7+ Rxd7 16. Rxe5 Bxc2 17. d4 Ne7 18. dxc5 Nc6 19. Re1 Rg8 20.
Nc3 d4 21. Ne4 Bxe4 22. Rxe4 Rd5 23. Bf4 Rxc5 24. Rd1 b6 25. Rd2 Kb7 26. h3 Ra5
27. b3 Rf5 28. g4 h5 29. Kg2 hxg4 30. h4 Rd5 31. Rd3 Rg7 32. Bg5 Rgd7 33. Bf6
Rf5 34. Bg5 Rfd5 35. Bf6 Rf5 36. Bg5 Re5 37. Rxg4 Re2+ 38. Kg3 Rxa2 39. Bf6 Ra1
40. Kf2 Ra5 41. Rg7 Rf5+ 42. Rf3 Rxg7 43. Bxg7 Rh5 44. Rf7+ Kc8 45. Rf4 Rd5 46.
Ke2 Kb7 47. Rf7+ 1/2-1/2

[Event "AUTO-OPEN-4411"]
[Site "http://www.queenalice.com/game.php?id=1827627"]
[Date "2023.12.20"]
[Round "2"]
[White "Dogeval"]
[Black "FredBaraer"]
[Result "1/2-1/2"]
[WhiteElo "2788"]
[BlackElo "2135"]

1. d4 d5 2. c4 Bf5 3. cxd5 Bxb1 4. Rxb1 Qxd5 5. e3 Nf6 6. Nf3 e6 7. b4 Qxa2 8.
Bd3 Qd5 9. O-O Be7 10. Qc2 Qc6 11. Qe2 O-O 12. b5 Qd7 13. Ne5 Qd8 14. Bd2 c5 15.
bxc6 Nxc6 16. Rxb7 Nxe5 17. dxe5 Nd5 18. Be4 a5 19. Bxd5 exd5 20. Qg4 Qe8 21. e6
Bf6 22. e7 Bxe7 23. Bc3 f6 24. Qe6+ Rf7 25. Qxd5 Rc8 26. Bxa5 Qc6 27. Qb3 Qc4
28. g3 Qxb3 29. Rxb3 Bd8 30. Bc3 Rfc7 31. Bd4 Be7 32. Kg2 Kf7 33. Kf3 h5 34. h3
Kg6 35. Rd1 Rc2 36. Rb7 R2c7 37. Rdb1 Rxb7 38. Rxb7 Bf8 39. Ke4 Re8+ 40. Kd3 Ra8
41. f4 f5 42. Rb6+ Kf7 43. Rb5 Kg6 44. g4 hxg4 45. hxg4 fxg4 46. Rg5+ Kf7 47.
Rxg4 g6 48. Rg5 Bg7 49. Bxg7 Kxg7 50. Rc5 Rd8+ 51. Ke2 Ra8 52. e4 Ra3 53. Rd5
Rb3 54. Rd1 Kf7 55. Rd3 Rb1 56. Rc3 1/2-1/2